The essentials of a country house / (Record no. 36229)

MARC details
000 -LEADER
campo de control de longitud fija 00429nam a2200157 i 4500
001 - NÚMERO DE CONTROL
campo de control 36229
003 - IDENTIFICADOR DE NÚMERO DE CONTROL
campo de control ES-MaACL
005 - FECHA Y HORA DE LA ÚLTIMA TRANSACCIÓN
campo de control 20230906155328.0
007 - CAMPO FIJO DE DESCRIPCIÓN FÍSICA--INFORMACIÓN GENERAL
campo de control de longitud fija t|
008 - DATOS DE LONGITUD FIJA--INFORMACIÓN GENERAL
campo de control de longitud fija 030217s1911 xxk ||||1| eng d
100 1# - ENTRADA PRINCIPAL--NOMBRE DE PERSONA
Nombre de persona Briggs, Robert Alexander.
9 (RLIN) 31723
245 14 - MENCIÓN DEL TÍTULO
Título The essentials of a country house /
Mención de responsabilidad, etc. R.A. Briggs.
260 ## - PUBLICACIÓN, DISTRIBUCIÓN, ETC.
Lugar de publicación, distribución, etc. London :
Nombre del editor, distribuidor, etc. B.T. Batsford,
Fecha de publicación, distribución, etc. [1911]
300 ## - DESCRIPCIÓN FÍSICA
Extensión XII, 88 p. ;
Dimensiones 21 cm.
852 ## - LOCALIZACIÓN
Ubicación ES-MaACL
Número de control de estantería C-3277
Holdings
Estatus retirado Estado de pérdida Estado de daño No para préstamo Biblioteca de origen Biblioteca actual Ubicación en estantería Fecha de adquisición Fuente de adquisición Total de préstamos Signatura topográfica completa Código de barras Visto por última vez Precio de reemplazo Tipo de ítem Koha
        Biblioteca del Ateneo de Madrid Biblioteca del Ateneo de Madrid Sala Palomar 17/01/2008     C-3277 1038030 23/02/2023 23/02/2023 Libro impreso